सौदा और अन्य कहानियां : (Record no. 113786)

MARC details
000 -LEADER
fixed length control field 00965nam a22002537a 4500
005 - DATE AND TIME OF LATEST TRANSACTION
control field 20170124102958.0
010 ## - LIBRARY OF CONGRESS CONTROL NUMBER
LC control number B-073733
020 ## - INTERNATIONAL STANDARD BOOK NUMBER
Terms of availability 125.00
035 ## - SYSTEM CONTROL NUMBER
System control number B-073733
037 ## - SOURCE OF ACQUISITION
Source of stock number/acquisition Cen Lib/Ret
040 ## - CATALOGING SOURCE
Original cataloging agency DPL
Language of cataloging HN
082 ## - DEWEY DECIMAL CLASSIFICATION NUMBER
Classification number
Item number सुरेश
100 ## - MAIN ENTRY--PERSONAL NAME
Personal name सुरेश
9 (RLIN) 6954
245 ## - TITLE STATEMENT
Title सौदा और अन्य कहानियां :
Statement of responsibility, etc सुरेश
Remainder of title कहानी संग्रह /
246 ## - VARYING FORM OF TITLE
Title proper/short title Souda aur anya kahaniyan : kahani sangrah /
Remainder of title by Suresh
260 ## - PUBLICATION, DISTRIBUTION, ETC. (IMPRINT)
Place of publication, distribution, etc दिल्ली
Name of publisher, distributor, etc नीरज बुक डिपो
Date of publication, distribution, etc 2002
270 ## - ADDRESS
Address सी-32, पटपड़गंज
City दिल्ली
Postal code 110092
300 ## - PHYSICAL DESCRIPTION
Extent 109पृ.
Dimensions 21सेमी (सजिल्द)
650 ## - SUBJECT ADDED ENTRY--TOPICAL TERM
Topical term or geographic name as entry element हिन्दी साहित्य
9 (RLIN) 53843
650 ## - SUBJECT ADDED ENTRY--TOPICAL TERM
Topical term or geographic name as entry element कहानी संग्रह
9 (RLIN) 53844
650 ## - SUBJECT ADDED ENTRY--TOPICAL TERM
Topical term or geographic name as entry element Hindi literature
9 (RLIN) 53845
650 ## - SUBJECT ADDED ENTRY--TOPICAL TERM
Topical term or geographic name as entry element Stories
9 (RLIN) 7500
942 ## - ADDED ENTRY ELEMENTS (KOHA)
Source of classification or shelving scheme Dewey Decimal Classification
Koha item type Hindi Books
Classification part
Call number suffix सुरेश
Holdings
Withdrawn status Lost status Damaged status Not for loan Home library Current library Date acquired Source of acquisition Cost, normal purchase price Total Checkouts Full call number Barcode Date last seen Copy number Cost, replacement price Price effective from Koha item type
        Central Library Central Library 13/08/2015 Cen Lib/Ret 125.00   क सुरेश B-073733 13/08/2015 1 125.00 13/08/2015 Hindi Books

© Delhi Public Library
Hit Counter
free hit counter